[Event "2BLO 1718 Bindlach-Aktionär - BCA Augs"]
[Site "?"]
[Date "2017.11.11"]
[Round "3.4"]
[White "Cech, Pavel"]
[Black "Nestorovic, Nikola"]
[Result "0-1"]
[WhiteElo "2364"]
[BlackElo "2507"]
[PlyCount "86"]
[EventDate "2017.??.??"]

1. d4 Nf6 2. Bg5 d5 3. e3 c5 4. c3 Qb6 5. Qb3 c4 6. Qc2 Ne4 7. Bf4 Bf5 8. Qc1
g5 9. Be5 f6 10. Bg3 h5 11. Nd2 h4 12. Bxb8 Rxb8 13. Ngf3 Qc7 14. Nxe4 Bxe4 15.
Nd2 Bg6 16. b3 b5 17. a4 a6 18. axb5 axb5 19. h3 e5 20. Be2 exd4 21. exd4 Qf4
22. b4 Bd6 23. Nf1 Qxc1+ 24. Rxc1 Be4 25. Ne3 Bf4 26. O-O Kd7 27. Ra1 Ra8 28.
Rfe1 Kc6 29. Nf1 Ra4 30. Rxa4 bxa4 31. g3 hxg3 32. fxg3 Bd6 33. Bxc4 Rxh3 34.
Kf2 f5 35. Be2 f4 36. gxf4 gxf4 37. Ra1 Rxc3 38. Rxa4 Rc2 39. Ra6+ Kc7 40. Ra7+
Kd8 41. Ra3 Bxb4 42. Rh3 Bc3 43. Rh8+ Ke7 0-1

[Event "2BLO 1718 Bindlach-Aktionär - BCA Augs"]
[Site "?"]
[Date "2017.11.11"]
[Round "3.5"]
[White "Arnaudov, G. Petar"]
[Black "Wall, Gavin"]
[Result "0-1"]
[WhiteElo "2441"]
[BlackElo "2328"]
[PlyCount "82"]
[EventDate "2017.??.??"]

1. d4 f5 2. c4 Nf6 3. Nc3 d6 4. Bg5 Nbd7 5. Qc2 g6 6. O-O-O c6 7. Nh3 h6 8.
Bxf6 Nxf6 9. Nf4 Rg8 10. h4 Qa5 11. h5 gxh5 12. e3 Rg5 13. Be2 Ng4 14. Bf3 Bd7
15. Nxh5 O-O-O 16. d5 e5 17. Bxg4 fxg4 18. Nf6 Bf5 19. Nfe4 Qb4 20. Qd3 Kb8 21.
Kb1 Bg6 22. Ka1 Rf5 23. Qe2 h5 24. Ng3 Rf7 25. Nxh5 Rc8 26. Rc1 b5 27. cxb5
cxb5 28. Ng3 Rc4 29. Nxb5 Rxc1+ 30. Rxc1 Rb7 31. Nc3 Bd3 32. Qd2 Bg7 33. Nh5
Bh6 34. Nf6 g3 35. b3 e4 36. Nh5 gxf2 37. Qxf2 Qa3 38. Rb1 Qc5 39. Na4 Qxd5 40.
Qf6 Rc7 41. Nf4 Bxf4 0-1

[Event "2BLO 1718 Bindlach-Aktionär - BCA Augs"]
[Site "?"]
[Date "2017.11.11"]
[Round "3.6"]
[White "Paehtz, Thomas"]
[Black "Pitl, Gregory"]
[Result "1/2-1/2"]
[WhiteElo "2366"]
[BlackElo "2395"]
[PlyCount "55"]
[EventDate "2017.??.??"]

1. e4 e5 2. Nf3 d6 3. d4 exd4 4. Nxd4 Nf6 5. Nc3 Be7 6. g3 O-O 7. Bg2 Re8 8.
O-O Bf8 9. b3 c6 10. Bb2 Na6 11. Qd2 Nc5 12. Rfe1 a5 13. a3 Qb6 14. h3 Be6 15.
Re2 Rad8 16. Rae1 Bc8 17. Qc1 Be6 18. Kh2 Qc7 19. f4 Bc8 20. Re3 g6 21. Nf3 Nh5
22. Nd1 Bh6 23. Qd2 Ne6 24. Qc3 Bg7 25. Qc4 Bh6 26. Qc3 Bg7 27. Qc4 Bh6 28. Qc3
1/2-1/2

[Event "2BLO 1718 Bindlach-Aktionär - BCA Augs"]
[Site "?"]
[Date "2017.11.11"]
[Round "3.7"]
[White "Stankovic, Milos"]
[Black "Krensing, Jan"]
[Result "1-0"]
[WhiteElo "2399"]
[BlackElo "2349"]
[PlyCount "69"]
[EventDate "2017.??.??"]

1. e4 c5 2. Nf3 Nc6 3. Bb5 g6 4. Bxc6 bxc6 5. O-O Bg7 6. Re1 f6 7. c3 Nh6 8. d4
Qb6 9. b3 Nf7 10. Ba3 cxd4 11. cxd4 d6 12. h3 O-O 13. Nc3 a5 14. Qc2 Ba6 15.
Rad1 Rfc8 16. Na4 Qa7 17. e5 Bb5 18. exd6 exd6 19. h4 Bxa4 20. bxa4 Qd7 21. h5
g5 22. Nd2 Re8 23. Nc4 Rxe1+ 24. Rxe1 Ra7 25. Nb6 Qc7 26. Re8+ Bf8 27. Nc8 Qd7
28. Qe4 Rb7 29. Ne7+ Kg7 30. Nf5+ Kg8 31. h6 Ne5 32. Rxf8+ Kxf8 33. dxe5 fxe5
34. Bxd6+ Kg8 35. Ne7+ 1-0

[Event "2BLO 1718 Bindlach-Aktionär - BCA Augs"]
[Site "?"]
[Date "2017.11.11"]
[Round "3.8"]
[White "Wetscherek, Andreas"]
[Black "Schmittdiel, Eckhard"]
[Result "1-0"]
[WhiteElo "2318"]
[BlackElo "2458"]
[PlyCount "89"]
[EventDate "2017.??.??"]

1. d4 e6 2. c4 f5 3. g3 Nf6 4. Bg2 Bb4+ 5. Nd2 d5 6. Ngf3 O-O 7. O-O c6 8. Ne5
Bd6 9. Ndf3 Ne4 10. b3 Nd7 11. Nd3 b6 12. Bf4 Be7 13. Nfe5 Bb7 14. Rc1 Rc8 15.
cxd5 exd5 16. f3 Nd6 17. Qd2 Nxe5 18. Bxe5 Nf7 19. Rc2 c5 20. Rfc1 Nxe5 21.
Nxe5 Qd6 22. e3 cxd4 23. exd4 Rxc2 24. Rxc2 f4 25. Bh3 Bg5 26. Kg2 g6 27. Qe2
Re8 28. Qb5 Re7 29. Bc8 Bxc8 30. Rxc8+ Kg7 31. Rc6 Qa3 32. Rc2 Qd6 33. Rc6 Qa3
34. Qxd5 Qxa2+ 35. Kh3 fxg3 36. hxg3 Qb1 37. f4 Qf5+ 38. Kg2 Bf6 39. Qd6 g5 40.
Rc7 Rxc7 41. Qxc7+ Kh6 42. Qf7 Qe4+ 43. Kh3 Bxe5 44. dxe5 gxf4 45. Qf8+ 1-0

[Event "2BLO 1718 SG AE Magdeburg - SC NT Nürnb"]
[Site "?"]
[Date "2017.11.11"]
[Round "3.1"]
[White "Milov, Leonid"]
[Black "Woellermann, Jan"]
[Result "1-0"]
[WhiteElo "2458"]
[BlackElo "2384"]
[PlyCount "157"]
[EventDate "2017.??.??"]

1. e4 e5 2. Nf3 Nc6 3. Bb5 a6 4. Ba4 Nf6 5. O-O Be7 6. Re1 b5 7. Bb3 d6 8. c3
O-O 9. d4 Bg4 10. d5 Na5 11. Bc2 c6 12. dxc6 Qc7 13. Nbd2 Qxc6 14. Nf1 Nc4 15.
Ng3 Rfe8 16. a4 Be6 17. h3 Bf8 18. Ng5 Bd7 19. Nh5 Be7 20. Nxf6+ Bxf6 21. Qh5
Bxg5 22. Qxg5 Be6 23. Qg3 f6 24. Rd1 Na5 25. Bh6 Re7 26. axb5 axb5 27. Ra3 Kh8
28. Rda1 gxh6 29. Rxa5 Rxa5 30. Rxa5 Rg7 31. Qd3 Bc4 32. Qf3 Rg6 33. Ra7 Qc8
34. Qe3 Be6 35. Kh2 b4 36. Qd3 bxc3 37. bxc3 Bg8 38. Qe3 Be6 39. Qd3 Bg8 40.
Qd2 Rg7 41. Ra1 Qc6 42. Rd1 Rg6 43. f3 h5 44. Bd3 Rg7 45. c4 Qc5 46. Bf1 Rd7
47. Qh6 Rf7 48. Qxh5 Rf8 49. Qh6 Rf7 50. Rd2 Qa3 51. Rd1 Qc5 52. Qd2 Rd7 53.
Rb1 Kg7 54. Rb5 Qc6 55. Qb4 Rc7 56. Rb8 Qc5 57. Qd2 Be6 58. Rb5 Qc6 59. Qb4 Bf7
60. Rb6 Qc5 61. Qxc5 Rxc5 62. Rb4 Ra5 63. Rb2 Ra1 64. Be2 Rc1 65. Rd2 Bxc4 66.
Bxc4 Rxc4 67. Rxd6 Rc2 68. h4 Kg6 69. Kh3 Rc3 70. Kg3 Re3 71. Kf2 Ra3 72. g4
Kg7 73. g5 fxg5 74. hxg5 Kf7 75. Kg3 Ra1 76. Rf6+ Kg7 77. Rf5 Ra5 78. Kg4 Kg6
79. f4 1-0

[Event "2BLO 1718 SG AE Magdeburg - SC NT Nürnb"]
[Site "?"]
[Date "2017.11.11"]
[Round "3.2"]
[White "Paul, Johannes"]
[Black "Kirchner, Thomas"]
[Result "1/2-1/2"]
[WhiteElo "2335"]
[BlackElo "2345"]
[PlyCount "208"]
[EventDate "2017.??.??"]

1. d4 Nf6 2. c4 e6 3. Nc3 d5 4. cxd5 exd5 5. Bg5 Be7 6. e3 O-O 7. Bd3 Be6 8.
Nf3 Nbd7 9. O-O h6 10. Bh4 Re8 11. Rc1 Rc8 12. h3 c6 13. Bg3 a6 14. Bb1 b5 15.
Ne5 Nxe5 16. dxe5 Nd7 17. e4 Nf8 18. exd5 cxd5 19. Qd2 Qd7 20. Ne2 Rxc1 21.
Rxc1 Rc8 22. Rd1 Bc5 23. Nd4 Qa7 24. Nf5 Qd7 25. Nd4 Qa7 26. Nxe6 fxe6 27. Kh2
Be7 28. f4 g6 29. h4 h5 30. Bf2 Bc5 31. Rc1 Qe7 32. g3 Bb4 33. Qd1 Rxc1 34.
Qxc1 Qb7 35. Bd3 Be7 36. Qc2 Kg7 37. Bd4 Qd7 38. Kh3 Qd8 39. a3 Qd7 40. b4 Qb7
41. g4 hxg4+ 42. Kxg4 Bd8 43. Qc5 Kf7 44. Bf2 Be7 45. Qc1 d4 46. Qg1 Qd5 47.
Bxd4 Qa2 48. Qg3 Qd5 49. Bf2 Qd8 50. Qf3 Qc8 51. Kh3 Qc1 52. Kg3 Kg7 53. Be4
Qd2 54. Qe3 Qd8 55. Kh3 Kf7 56. Qa7 Kg8 57. Bg3 Kf7 58. Bf2 Kg8 59. Qd4 Bxh4
60. Qxd8 Bxd8 61. Bb7 a5 62. Bc6 axb4 63. axb4 g5 64. Bxb5 Kf7 65. Bd3 gxf4 66.
Kg4 Nd7 67. Kxf4 Bc7 68. Bd4 Nf6 69. Bc4 Nd7 70. Ke4 Ke7 71. Bb5 Nb6 72. Bc5+
Kd8 73. Kd4 Nd7 74. Bxd7 Kxd7 75. b5 Ba5 76. Ke4 Kc7 77. Kf4 Bc3 78. Be3 Kb7
79. Bc5 Bb2 80. Ke4 Bc3 81. Bd4 Ba5 82. Kf4 Bc7 83. Be3 Bd8 84. Bf2 Bc7 85. Bd4
Bd8 86. Ke4 Bb6 87. Kd3 Bc7 88. Kc4 Bd8 89. Kb4 Be7+ 90. Ka5 Bd8+ 91. b6 Bg5
92. Kb5 Be7 93. Bc5 Bd8 94. Be3 Be7 95. Bf2 Bg5 96. Kc5 Be7+ 97. Kb5 Bg5 98.
Bc5 Bd8 99. Ka5 Bg5 100. Bd6 Be3 101. Bc7 Bf2 102. Kb5 Bd4 103. Ka5 Bf2 104.
Kb5 Bd4 1/2-1/2

[Event "2BLO 1718 SG AE Magdeburg - SC NT Nürnb"]
[Site "?"]
[Date "2017.11.11"]
[Round "3.3"]
[White "Promyshlyanskyy, Vitaliy"]
[Black "Sieber, Fiona"]
[Result "1-0"]
[WhiteElo "2303"]
[BlackElo "2195"]
[PlyCount "91"]
[EventDate "2017.??.??"]

1. e4 e5 2. Nf3 Nc6 3. Bb5 a6 4. Ba4 Nf6 5. Qe2 Be7 6. O-O b5 7. Bb3 d6 8. c3
O-O 9. Rd1 Bg4 10. h3 Bxf3 11. Qxf3 Na5 12. Bc2 c5 13. d3 Qc7 14. Nd2 Rfd8 15.
Nf1 Rac8 16. Ne3 Bf8 17. Bd2 Qb7 18. Nf5 Nd7 19. Rac1 Re8 20. Qg3 Kh8 21. b4
cxb4 22. cxb4 Nc6 23. Bb3 Nb6 24. a3 Rc7 25. Bc3 Rec8 26. Bb2 a5 27. f4 f6 28.
Nh4 Ne7 29. bxa5 Na4 30. Rxc7 Rxc7 31. Qf2 exf4 32. Ba1 d5 33. Qxf4 Nc5 34. Ba2
Rd7 35. e5 Ne6 36. Qf2 fxe5 37. Bxe5 Nc6 38. Nf3 Nxe5 39. Nxe5 Bc5 40. d4 Nxd4
41. Rxd4 Bxd4 42. Qxd4 Rd6 43. Qc5 Rd8 44. a6 Qc8 45. Qxc8 Rxc8 46. Bxd5 1-0

[Event "2BLO 1718 SG AE Magdeburg - SC NT Nürnb"]
[Site "?"]
[Date "2017.11.11"]
[Round "3.4"]
[White "Melamed, Tatjana"]
[Black "Wagner, Florian"]
[Result "1-0"]
[WhiteElo "2326"]
[BlackElo "2209"]
[PlyCount "65"]
[EventDate "2017.??.??"]

1. e4 c5 2. Nf3 Nc6 3. Bb5 e6 4. Bxc6 bxc6 5. b3 Ne7 6. Bb2 Ng6 7. h4 h5 8. e5
f6 9. d3 Nxe5 10. Nxe5 fxe5 11. Bxe5 d6 12. Bb2 e5 13. Nd2 Bg4 14. f3 Bf5 15.
Qe2 Be7 16. O-O-O O-O 17. Kb1 Qd7 18. Rdg1 Bg6 19. g4 Qe6 20. Rg3 Rf7 21. Ne4
Raf8 22. Bc1 d5 23. Ng5 Bxg5 24. hxg5 hxg4 25. Rxg4 Rxf3 26. Rgh4 Qf5 27. Rh8+
Kf7 28. Rxf8+ Kxf8 29. Ba3 Kf7 30. Bxc5 Kg8 31. Kb2 d4 32. Qh2 Bh7 33. Qh5 1-0

[Event "2BLO 1718 SG AE Magdeburg - SC NT Nürnb"]
[Site "?"]
[Date "2017.11.11"]
[Round "3.5"]
[White "Martin, Thomas"]
[Black "Andre, Gordon"]
[Result "0-1"]
[WhiteElo "2281"]
[BlackElo "2270"]
[PlyCount "94"]
[EventDate "2017.??.??"]

1. Nf3 c5 2. g3 Nc6 3. Bg2 d5 4. d3 e5 5. e4 d4 6. O-O Bd6 7. Nbd2 Bc7 8. a4
Bg4 9. h3 Be6 10. b3 f6 11. Ba3 b6 12. Nh4 Qd7 13. f4 exf4 14. gxf4 Bxh3 15.
Qh5+ Kf8 16. Bxh3 Qxh3 17. Rf3 Qd7 18. Nc4 Nh6 19. a5 Rd8 20. axb6 axb6 21. Rg3
Bxf4 22. Nxb6 Qe6 23. Qxc5+ Kg8 24. Nf5 Bxg3 25. Qxc6 Qxc6 26. Ne7+ Kf7 27.
Nxc6 Rde8 28. Bc5 g5 29. Kg2 Bb8 30. Bxd4 Ng4 31. Nd5 Rc8 32. Ra6 h5 33. Rb6
Bd6 34. Rb8 Ke6 35. Rb6 h4 36. Kh3 Ne5 37. Bxe5 g4+ 38. Kxg4 fxe5 39. Kh3 Rcg8
40. Nce7 Rg3+ 41. Kh2 Rf8 42. Nf5 Rxf5 43. exf5+ Kxd5 44. b4 Bc7 45. Re6 e4 46.
Rxe4 Rxd3+ 47. Kg2 Rg3+ 0-1

[Event "2BLO 1718 SG AE Magdeburg - SC NT Nürnb"]
[Site "?"]
[Date "2017.11.11"]
[Round "3.6"]
[White "Schoene, Maria"]
[Black "Stadler, Simon"]
[Result "0-1"]
[WhiteElo "2260"]
[BlackElo "2183"]
[PlyCount "78"]
[EventDate "2017.??.??"]

1. e4 d6 2. d4 Nf6 3. Nc3 e5 4. Nf3 exd4 5. Nxd4 Be7 6. Be2 O-O 7. O-O Re8 8.
f4 Bf8 9. Bf3 c6 10. a4 a5 11. b3 Na6 12. Bb2 Qb6 13. Kh1 Bd7 14. Qd2 Rad8 15.
Rae1 Bc8 16. Qf2 h6 17. h3 Nb4 18. g4 d5 19. e5 Bc5 20. Rd1 Nh7 21. Nb1 Re7 22.
Qh2 f6 23. h4 fxe5 24. fxe5 Rf8 25. c3 Na6 26. Nd2 Qd8 27. c4 Nb4 28. cxd5 cxd5
29. Nb1 Ref7 30. e6 Rf4 31. Qg3 Bd6 32. Qh3 Qe7 33. Rfe1 Bc5 34. Bg2 Bxd4 35.
Bxd4 Nc2 36. Be5 Nxe1 37. Bxf4 Nxg2 38. Bg3 Ne3 39. Rd3 Qxe6 0-1

[Event "2BLO 1718 SG AE Magdeburg - SC NT Nürnb"]
[Site "?"]
[Date "2017.11.11"]
[Round "3.7"]
[White "Heimrath, Reiner"]
[Black "Roseneck, Jonas"]
[Result "1/2-1/2"]
[WhiteElo "2260"]
[BlackElo "2178"]
[PlyCount "83"]
[EventDate "2017.??.??"]

1. Nf3 d5 2. g3 g6 3. Bg2 Bg7 4. O-O e5 5. d3 Ne7 6. e4 Nbc6 7. Nc3 d4 8. Nd5
h6 9. c3 Be6 10. Nxe7 Qxe7 11. cxd4 exd4 12. Nh4 Bf6 13. Nf3 g5 14. a3 g4 15.
e5 Bg7 16. Nd2 Nxe5 17. Bxb7 Rb8 18. Bg2 O-O 19. Qc2 c5 20. Ne4 Rfc8 21. Bf4 c4
22. Bxe5 Bxe5 23. f4 cxd3 24. Qd1 f5 25. fxe5 fxe4 26. Bxe4 Qg5 27. Qxd3 Rxb2
28. Qxd4 Rd2 29. Qxa7 Rc7 30. Qb6 Qxe5 31. Rae1 Qc5+ 32. Qxc5 Rxc5 33. Rf2 Rxf2
34. Kxf2 Bd7 35. Rd1 Ba4 36. Rd8+ Kg7 37. Ra8 Bc2 38. Bg2 Bf5 39. Ra7+ Kf6 40.
Ra6+ Ke5 41. Rc6 Rb5 42. Rxh6 1/2-1/2

[Event "2BLO 1718 SG AE Magdeburg - SC NT Nürnb"]
[Site "?"]
[Date "2017.11.11"]
[Round "3.8"]
[White "Biastoch, Bennet"]
[Black "Epding, Olaf"]
[Result "1-0"]
[WhiteElo "2120"]
[BlackElo "2255"]
[PlyCount "115"]
[EventDate "2017.??.??"]

1. e4 e6 2. d4 d5 3. Nc3 Nf6 4. e5 Nfd7 5. f4 c5 6. Nf3 Nc6 7. Be3 cxd4 8. Nxd4
Bc5 9. Qd2 O-O 10. O-O-O a6 11. Qf2 Nxd4 12. Bxd4 Qc7 13. Bd3 Bxd4 14. Qxd4 b5
15. Rhe1 Qc5 16. Ne2 b4 17. f5 Qxd4 18. Nxd4 Nc5 19. f6 Bd7 20. fxg7 Kxg7 21.
Re3 f5 22. Rf1 Kh8 23. Rf4 Rg8 24. g3 Rg7 25. Nb3 Nxb3+ 26. axb3 a5 27. Kd2 Rb8
28. Re1 Bb5 29. Ra1 Bxd3 30. cxd3 Rb5 31. d4 Rc7 32. Rc1 Rxc1 33. Kxc1 Rb7 34.
Kd2 Kg8 35. Rf1 Rf7 36. Kd3 Kg7 37. h3 Kg6 38. Rf4 Kg5 39. Ke3 Rc7 40. Kd2 a4
41. bxa4 b3 42. Ke3 Rc4 43. g4 Rxa4 44. gxf5 exf5 45. Rf2 Rc4 46. Rg2+ Kh4 47.
Rg7 f4+ 48. Kxf4 Rxd4+ 49. Kf5 h5 50. e6 Kxh3 51. Rg5 h4 52. Kf6 Rd2 53. e7
Rxb2 54. e8=Q Rf2+ 55. Kg6 Rg2 56. Qe6+ Kh2 57. Rxg2+ Kxg2 58. Qxd5+ 1-0

[Event "2BLO 1718 Erfurter SK - SC Garching"]
[Site "?"]
[Date "2017.11.11"]
[Round "3.1"]
[White "Stocek, Jiri"]
[Black "Mihok, Oliver"]
[Result "1/2-1/2"]
[WhiteElo "2581"]
[BlackElo "2538"]
[PlyCount "77"]
[EventDate "2017.??.??"]

1. c4 c5 2. Nf3 Nc6 3. Nc3 e5 4. e3 Nf6 5. d4 e4 6. Ne5 h5 7. Be2 Qc7 8. Rb1 a6
9. f4 cxd4 10. exd4 Bb4 11. a3 Bxc3+ 12. bxc3 d6 13. Nxc6 bxc6 14. O-O Bf5 15.
Qa4 O-O 16. Be3 Bg4 17. Rbe1 Rfb8 18. f5 Rb2 19. Bxg4 hxg4 20. Bg5 d5 21. Qd1
g3 22. h3 Rf2 23. Rxf2 gxf2+ 24. Kxf2 Rb8 25. Kg1 Qg3 26. Bxf6 gxf6 27. cxd5
cxd5 28. c4 Rb2 29. Qg4+ Qxg4 30. hxg4 dxc4 31. Rxe4 Rd2 32. d5 c3 33. Rc4 c2
34. Rc8+ Kg7 35. Kh2 Rxd5 36. Rxc2 Rd3 37. a4 Rd4 38. a5 Rd5 39. Ra2 1/2-1/2

[Event "2BLO 1718 Erfurter SK - SC Garching"]
[Site "?"]
[Date "2017.11.11"]
[Round "3.2"]
[White "Braeuer, Franz"]
[Black "Krivoborodov, Egor"]
[Result "1/2-1/2"]
[WhiteElo "2398"]
[BlackElo "2542"]
[PlyCount "49"]
[EventDate "2017.??.??"]

1. d4 Nf6 2. c4 c5 3. d5 e6 4. Nc3 exd5 5. cxd5 d6 6. g3 g6 7. Bg2 Bg7 8. Nf3
O-O 9. O-O Na6 10. Nd2 Rb8 11. a4 Nb4 12. Nc4 Ne8 13. Bd2 a6 14. a5 Bd7 15. Nb6
Nc7 16. Qb3 Nb5 17. Nxb5 Bxb5 18. Rfe1 Re8 19. Bxb4 cxb4 20. e3 Qf6 21. Rab1
Re7 22. Qxb4 Rc7 23. Qd2 Re8 24. b4 h5 25. h3 {(=)} 1/2-1/2

[Event "2BLO 1718 Erfurter SK - SC Garching"]
[Site "?"]
[Date "2017.11.11"]
[Round "3.3"]
[White "Rusche, Johannes"]
[Black "Votava, Jan"]
[Result "1/2-1/2"]
[WhiteElo "2282"]
[BlackElo "2512"]
[PlyCount "55"]
[EventDate "2017.??.??"]

1. e4 e5 2. Nf3 Nc6 3. Bb5 a6 4. Ba4 Nf6 5. O-O Be7 6. Re1 b5 7. Bb3 d6 8. c3
O-O 9. h3 Nb8 10. d4 Nbd7 11. Nbd2 Bb7 12. Bc2 Re8 13. Nf1 Bf8 14. Ng3 g6 15.
a4 c5 16. d5 c4 17. Be3 Qc7 18. Qe2 Nc5 19. Ra3 Nfd7 20. Nh2 h5 21. Rea1 Reb8
22. Ngf1 Bg7 23. g4 Nf6 24. Nd2 Bf8 25. Bg5 Nh7 26. Be3 Nf6 27. Bg5 Nh7 28. Be3
1/2-1/2

[Event "2BLO 1718 Erfurter SK - SC Garching"]
[Site "?"]
[Date "2017.11.11"]
[Round "3.4"]
[White "Enders, Peter"]
[Black "Bredl, Harald"]
[Result "1-0"]
[WhiteElo "2447"]
[BlackElo "2324"]
[PlyCount "81"]
[EventDate "2017.??.??"]

1. b3 e5 2. Bb2 Nc6 3. e3 d6 4. Nf3 g6 5. d4 Bg7 6. dxe5 Nxe5 7. Nc3 Ne7 8.
Nxe5 Bxe5 9. f4 Bg7 10. Qf3 O-O 11. O-O-O a5 12. e4 Bd7 13. Bc4 Qc8 14. h3 Be6
15. Bxe6 fxe6 16. Kb1 Qe8 17. g4 b5 18. Rhf1 a4 19. Qd3 a3 20. Ba1 Rb8 21. e5
dxe5 22. Ne4 Nc6 23. Qc3 Rf7 24. g5 exf4 25. Qxg7+ Rxg7 26. Nf6+ Kf7 27. Nxe8
Rxe8 28. Rxf4+ Kg8 29. Bxg7 Kxg7 30. Rd7+ Re7 31. Rxe7+ Nxe7 32. Rf6 Nd5 33.
Rxe6 Kf7 34. Re5 c6 35. c4 Nc3+ 36. Ka1 b4 37. h4 Kg7 38. Re7+ Kg8 39. Rc7 Ne2
40. Rxc6 Nd4 41. Rf6 1-0

[Event "2BLO 1718 Erfurter SK - SC Garching"]
[Site "?"]
[Date "2017.11.11"]
[Round "3.6"]
[White "Troyke, Christian"]
[Black "Hess, Max"]
[Result "1/2-1/2"]
[WhiteElo "2355"]
[BlackElo "2271"]
[PlyCount "84"]
[EventDate "2017.??.??"]

1. g3 Nf6 2. Bg2 g6 3. d4 Bg7 4. e4 d6 5. Ne2 O-O 6. O-O e5 7. c4 exd4 8. Nxd4
Re8 9. Nc3 Nbd7 10. h3 a6 11. Re1 Rb8 12. a4 Ne5 13. b3 c5 14. Nc2 Nc6 15. Rb1
Be6 16. Bb2 h5 17. Nd5 Nh7 18. Bxg7 Kxg7 19. Qd2 b5 20. axb5 axb5 21. b4 bxc4
22. bxc5 dxc5 23. Qc3+ Kg8 24. Qxc4 h4 25. g4 Ne5 26. Qc3 Rxb1 27. Rxb1 Bxd5
28. exd5 Qf6 29. Re1 Nf8 30. Re4 Nxg4 31. Qxc5 Rxe4 32. Bxe4 Qf4 33. hxg4 Qxg4+
34. Bg2 h3 35. Ne3 Qg5 36. Qc8 hxg2 37. Qh3 f5 38. Qxg2 Qxg2+ 39. Kxg2 Kf7 40.
f4 Kf6 41. Kf3 Nd7 42. Nc4 g5 {(=)} 1/2-1/2

[Event "2BLO 1718 Erfurter SK - SC Garching"]
[Site "?"]
[Date "2017.11.11"]
[Round "3.7"]
[White "Schmitz, Thorsten"]
[Black "Heinzel, Olaf"]
[Result "1/2-1/2"]
[WhiteElo "2242"]
[BlackElo "2366"]
[PlyCount "26"]
[EventDate "2017.??.??"]

1. e4 d5 2. exd5 Qxd5 3. Nc3 Qd8 4. d4 Nf6 5. Nf3 Bg4 6. h3 Bxf3 7. Qxf3 c6 8.
Bd3 e6 9. Bc4 Nbd7 10. O-O Be7 11. Rd1 O-O 12. Ne2 Nb6 13. Bb3 a5 1/2-1/2

[Event "2BLO 1718 Erfurter SK - SC Garching"]
[Site "?"]
[Date "2017.11.11"]
[Round "3.8"]
[White "Casper, Thomas"]
[Black "Ruecker, Benjamin"]
[Result "1/2-1/2"]
[WhiteElo "2369"]
[BlackElo "2261"]
[PlyCount "23"]
[EventDate "2017.??.??"]

1. e4 e5 2. Bc4 Nf6 3. d3 c6 4. Nf3 d5 5. Bb3 a5 6. a3 a4 7. Ba2 Bd6 8. Nc3 Be6
9. O-O Nbd7 10. Re1 O-O 11. h3 h6 12. Nh2 {(=)} 1/2-1/2

[Event "2BLO 1718 SK Weilheim - Bindlach-Aktion"]
[Site "?"]
[Date "2017.11.12"]
[Round "4.1"]
[White "Petr, Martin"]
[Black "Luther, Thomas"]
[Result "0-1"]
[WhiteElo "2489"]
[BlackElo "2526"]
[PlyCount "122"]
[EventDate "2017.??.??"]

1. e4 e6 2. Qe2 Be7 3. g3 d5 4. d3 dxe4 5. dxe4 b6 6. Bg2 Ba6 7. Qd2 Nc6 8. Ne2
Qxd2+ 9. Bxd2 O-O-O 10. Nbc3 Nf6 11. f4 Ng4 12. Bf3 Nb4 13. Rc1 Nf2 14. Rf1 Bc5
15. a3 Nfd3+ 16. cxd3 Nxd3+ 17. Kd1 Nxb2+ 18. Kc2 Nc4 19. Nb1 Be3 20. Bc3 Bxc1
21. Kxc1 Rd3 22. Bxg7 Rhd8 23. Nec3 Nd2 24. Nxd2 Rxd2 25. Rh1 Rf2 26. Bd1 Rdd2
27. h4 Rg2 28. g4 Rdf2 29. Be5 Bd3 30. Re1 c5 31. f5 b5 32. Re3 Bc4 33. Bd6 Rf1
34. Bxc5 Bb3 35. Rd3 Rc2+ 36. Kb1 Kb7 37. Bb4 Rxc3 38. Bxc3 Rxd1+ 39. Rxd1 Bxd1
40. fxe6 fxe6 41. g5 Kc6 42. Bb4 e5 43. Kc1 Bf3 44. a4 bxa4 45. Kb2 Bxe4 46. h5
Bf5 47. Kc3 Kd5 48. Be7 e4 49. Kd2 Kc4 50. Ke3 Kb3 51. Kf4 e3 52. Kxe3 a3 53.
Bf6 Kc2 54. Kf4 Bd3 55. g6 Bxg6 56. hxg6 hxg6 57. Kg5 a2 58. Kxg6 Kb1 59. Kf5
a1=Q 60. Bxa1 Kxa1 61. Ke4 Kb2 0-1

[Event "2BLO 1718 SK Weilheim - Bindlach-Aktion"]
[Site "?"]
[Date "2017.11.12"]
[Round "4.2"]
[White "Lehner, Oliver"]
[Black "Kriebel, Tadeas"]
[Result "1-0"]
[WhiteElo "2399"]
[BlackElo "2501"]
[PlyCount "131"]
[EventDate "2017.??.??"]

1. g3 Nf6 2. Bg2 g6 3. e4 d6 4. d4 Bg7 5. Ne2 O-O 6. O-O e5 7. Nbc3 Nbd7 8. h3
c6 9. a4 a5 10. d5 Nb6 11. b3 cxd5 12. exd5 Ne8 13. Be3 Nd7 14. Qd2 b6 15. f4
Nc5 16. Rad1 Ba6 17. f5 gxf5 18. Rxf5 Bc8 19. Rdf1 Bxf5 20. Rxf5 Rc8 21. g4 f6
22. Ng3 Rf7 23. Nce4 Bh8 24. Qf2 Qd7 25. Nh5 Nxe4 26. Bxe4 Rc3 27. Bxb6 Rxh3
28. Qg2 Rc3 29. Rf2 Qb7 30. Bxa5 Rc5 31. Bd2 Qe7 32. Bf5 Ng7 33. Nxg7 Bxg7 34.
Qe4 Bf8 35. Be6 Kh8 36. Bxf7 Qxf7 37. c4 Be7 38. Qf5 Qg8 39. Rg2 Rc8 40. a5 Rb8
41. b4 Rc8 42. g5 fxg5 43. Bxg5 Bxg5 44. Rxg5 Qd8 45. Rg4 Rc7 46. c5 Rg7 47.
Rxg7 Kxg7 48. Qg4+ Kh8 49. c6 h6 50. Kg2 e4 51. Qxe4 Qg5+ 52. Kf3 Qf6+ 53. Qf4
Qc3+ 54. Kg4 Kg7 55. a6 Qc2 56. Kh4 Qb1 57. Qf3 Kh7 58. a7 Qa2 59. Qf7+ Kh8 60.
Qf8+ Kh7 61. Qe7+ Kh8 62. a8=Q+ Qxa8 63. c7 Qb7 64. Qe8+ Kh7 65. c8=Q Qxb4+ 66.
Qg4 1-0

[Event "2BLO 1718 SK Weilheim - Bindlach-Aktion"]
[Site "?"]
[Date "2017.11.12"]
[Round "4.4"]
[White "Guttenthaler, Franz"]
[Black "Cech, Pavel"]
[Result "1/2-1/2"]
[WhiteElo "2332"]
[BlackElo "2364"]
[PlyCount "36"]
[EventDate "2017.??.??"]

1. c4 c6 2. Nf3 Nf6 3. Nc3 d5 4. e3 g6 5. d4 Bg7 6. Bd3 Bg4 7. h3 Bxf3 8. Qxf3
O-O 9. O-O Qd6 10. Rd1 Nbd7 11. Qe2 e5 12. cxd5 cxd5 13. dxe5 Qxe5 14. Bd2 Nc5
15. Rac1 Ne6 16. Be1 a6 17. Na4 Rfe8 18. b3 d4 1/2-1/2

[Event "2BLO 1718 SK Weilheim - Bindlach-Aktion"]
[Site "?"]
[Date "2017.11.12"]
[Round "4.5"]
[White "Wall, Gavin"]
[Black "Deglmann, Ludwig"]
[Result "0-1"]
[WhiteElo "2328"]
[BlackElo "2294"]
[PlyCount "60"]
[EventDate "2017.??.??"]

1. e4 e6 2. d4 d5 3. e5 c5 4. c3 Nc6 5. Nf3 Nh6 6. a3 f6 7. Bb5 Nf7 8. O-O fxe5
9. Nxe5 Nfxe5 10. dxe5 Bd7 11. Re1 Qb6 12. Bxc6 Bxc6 13. Qg4 O-O-O 14. Qxe6+
Kb8 15. c4 d4 16. Bg5 Re8 17. Qf7 Bd6 18. Nd2 Rhf8 19. Qh5 Bc7 20. Qxh7 Bxe5
21. f4 Bf6 22. Bxf6 gxf6 23. b3 Re3 24. Kf2 Qd8 25. Nf1 Rxb3 26. Ra2 d3 27. Kg1
Qd4+ 28. Kh1 Rb2 29. Rxb2 Qxb2 30. Ne3 Qf2 0-1

[Event "2BLO 1718 SK Weilheim - Bindlach-Aktion"]
[Site "?"]
[Date "2017.11.12"]
[Round "4.6"]
[White "de Francesco, Klaus"]
[Black "Paehtz, Thomas"]
[Result "1-0"]
[WhiteElo "2256"]
[BlackElo "2366"]
[PlyCount "59"]
[EventDate "2017.??.??"]

1. d4 e6 2. c4 b6 3. e4 Bb7 4. Bd3 Bb4+ 5. Kf1 Be7 6. Nc3 d6 7. Nf3 Nd7 8. Be3
Ngf6 9. h3 O-O 10. Kg1 a6 11. Qc2 c5 12. e5 Ne8 13. Bxh7+ Kh8 14. Be4 Qc7 15.
Bxb7 Qxb7 16. Rd1 cxd4 17. Bxd4 Rd8 18. Qe2 dxe5 19. Nxe5 Nxe5 20. Bxe5 Rxd1+
21. Qxd1 Bf6 22. Qe2 Bxe5 23. Qxe5 Nf6 24. Kh2 Rc8 25. b3 Rc5 26. Qg3 b5 27.
cxb5 axb5 28. Rd1 Qc8 29. Ne4 Nxe4 30. Qh4+ 1-0

[Event "2BLO 1718 SK Weilheim - Bindlach-Aktion"]
[Site "?"]
[Date "2017.11.12"]
[Round "4.7"]
[White "Krensing, Jan"]
[Black "Lochte, Thomas"]
[Result "1-0"]
[WhiteElo "2349"]
[BlackElo "2139"]
[PlyCount "61"]
[EventDate "2017.??.??"]

1. d4 Nf6 2. c4 e5 3. dxe5 Ng4 4. Bf4 Bb4+ 5. Nd2 Qe7 6. Ngf3 Nc6 7. e3 Ngxe5
8. Nxe5 Nxe5 9. Be2 O-O 10. O-O Ng6 11. Bg3 Bd6 12. Bxd6 Qxd6 13. Ne4 Qe7 14.
Nc3 Re8 15. Qd4 b6 16. Nb5 d6 17. Bf3 Rb8 18. Bc6 Bb7 19. Bxe8 Rxe8 20. f3 Qg5
21. Nxc7 Rxe3 22. Nd5 Re2 23. Rf2 Re8 24. Qd2 Qe5 25. Rd1 h5 26. b3 Bxd5 27.
Qxd5 Qf4 28. Qd2 Qf5 29. Re2 Rf8 30. Qxd6 Nf4 31. Qxf8+ 1-0